|
|
|
|
| LEADER |
00000nam2a2200000 4500 |
| 001 |
69350 |
| 005 |
20231031075704.0 |
| 035 |
|
|
|a (RuTPU)RU\TPU\book\73847
|
| 090 |
|
|
|a 69350
|
| 100 |
|
|
|a 20041022d1954 k y0rusy50 ca
|
| 101 |
0 |
|
|a rus
|
| 102 |
|
|
|a RU
|
| 105 |
|
|
|a af z 000zb
|
| 200 |
0 |
|
|a Т. 2: Реактивные летательные аппараты
|
| 210 |
|
|
|d 1954
|
| 215 |
|
|
|a 453 с.
|c ил.
|
| 461 |
|
1 |
|0 (RuTPU)RU\TPU\book\77712
|t Собрание сочинений
|f К. Э. Циолковский
|g Академия Наук СССР; Отв. ред. А. А. Благонравов
|v Т. 2: Реактивные летательные аппараты
|d 1951-
|
| 464 |
|
|
|t К. Э. Циолковский- основоположник современной ракетодинамики
|f А. А. Космодемьянский
|
| 464 |
|
|
|t Печатные труды и рукописи К. Э. Циолковского по вопросам ракетных летательных аппаратов и межпланетных сообщений
|f Б. Н. Воробьев
|
| 600 |
|
1 |
|a Циолковский
|g Константин Эдуардович
|b К. Э.
|c русский ученый
|c изобретатель
|c основоположник современной космонавтики
|f 1857-1935
|2 stltpui
|3 (RuTPU)RU\TPU\pers\1304
|
| 610 |
1 |
|
|a ракетная техника
|
| 610 |
1 |
|
|a реактивные летательные аппараты
|
| 610 |
1 |
|
|a космические корабли
|
| 610 |
1 |
|
|a реактивные двигатели
|
| 610 |
1 |
|
|a аэропланы
|
| 610 |
1 |
|
|a звездолеты
|
| 610 |
1 |
|
|a межпланетные сообщения
|
| 610 |
1 |
|
|a изучение
|
| 610 |
1 |
|
|a Россия
|
| 610 |
1 |
|
|a 19 век
|
| 610 |
1 |
|
|a 20 век
|
| 610 |
1 |
|
|a история
|
| 675 |
|
|
|a 629.13
|v 3
|
| 801 |
|
1 |
|a RU
|b 63413507
|c 20041022
|g PSBO
|
| 801 |
|
2 |
|a RU
|b 63413507
|c 20160325
|g PSBO
|
| 942 |
|
|
|c BK
|